MARC

LEADER 00000nam0a2200000 4500
001 284969
005 20231101235740.0
020 |a RU  |b 85-2969 
035 |a (RuTPU)RU\TPU\book\309166 
090 |a 284969 
100 |a 20150219d1984 km y0rusy5003 ca 
101 0 |a rus 
102 |a RU 
105 |a a z 001zy 
200 1 |a Конструкции из легких бетонов для многоэтажных каркасных зданий  |f В. И. Довгалюк, Г. Л. Кац 
210 |a Москва  |c Стройиздат  |d 1984 
215 |a 223 с.  |c ил. 
606 |a Каркасы бетонные  |2 stltpush  |3 (RuTPU)RU\TPU\subj\13880  |9 40420 
610 1 |a Бетон легкий 
610 1 |a легкие бетоны 
610 1 |a многоэтажные здания 
610 1 |a каркасные здания 
610 1 |a физико-механические свойства 
610 1 |a несущие конструкции 
610 1 |a проектирование 
610 1 |a исследования 
610 1 |a технико-экономическая эффективность 
675 |a 624.94  |z rus  |v 3 
700 1 |a Довгалюк  |b В. И.  |g Владимир Иосифович 
701 1 |a Кац  |b Г. Л.  |g Генрих Лейбович 
801 0 |a RU  |b RuMRKP  |c 19950704  |g psbo 
801 1 |a RU  |b 63413507  |c 20150219 
801 2 |a RU  |b 63413507  |c 20171107  |g RCR 
942 |c BK